| 000 | 01042cam a2200325 a 4500 | ||
|---|---|---|---|
| 001 | 2792422 | ||
| 003 | OSt | ||
| 005 | 20260414163314.0 | ||
| 008 | 810622s1980 miu b 001 0 eng | ||
| 010 | _a 81126547 | ||
| 020 | _a9780830857104 | ||
| 035 | _a2792422 | ||
| 040 |
_aDLC _cDLC _dDLC |
||
| 050 | 0 | 0 |
_aBV2625 _b.P37 2003 |
| 100 | 1 | _aParshall, Phil. | |
| 245 | 1 | 0 |
_aMuslim evangelism : _bcontemporary approaches to contextualization / _cPhil Parshall |
| 250 | _aRevised edition of new paths in muslim evangelism | ||
| 260 |
_aGrand Rapids, Mich. : _bBaker Book House, _cc2003. |
||
| 300 |
_a280 p. ; _c22 cm. |
||
| 336 |
_atext _btxt _2rdacontent |
||
| 337 |
_aunmediated _bn _2rdamedia |
||
| 338 |
_avolume _bnc _2rdacarrier |
||
| 500 | _aIncludes indexes. | ||
| 504 | _aBibliography: p. 259-271. | ||
| 650 | 0 | _aMissions to Muslims. | |
| 650 | 0 | _aChristianity and culture. | |
| 906 |
_a7 _bcbc _corignew _d2 _encip _f19 _gy-gencatlg |
||
| 942 |
_2lcc _cBK |
||
| 999 |
_c21607 _d21606 |
||